| 000 | 00509nam a2200169 a 4500 | ||
|---|---|---|---|
| 005 | 20210223123411.0 | ||
| 008 | 991125s1938 mx 000 0 spa u | ||
| 035 | _aUPN01000052755 | ||
| 049 | _aCG | ||
| 050 | 4 |
_aF1336 _bR6.8 |
|
| 100 | 1 |
_aRodríguez Lozano, Rubén _931465 |
|
| 245 | 1 | 0 |
_aSan Luis Potosí en su lucha por la libertad / _cRubén Rodríguez Lozano. |
| 260 |
_aMéxico : _b[s. n.], _c1938. |
||
| 300 |
_a190 p. : _bil. |
||
| 651 | 4 |
_aSAN LUIS POTOSI - _xVIDA SOCIAL Y COSTUMBRES |
|
| 905 | _aLibro | ||
| 999 |
_c52755 _d52755 |
||